|
|
|
|
| LEADER |
00000nab a22000001a 4500 |
| 001 |
vtls009294084 |
| 003 |
SK-MaSNL |
| 005 |
20260303052809.0 |
| 008 |
080514d19230615xo |r|p|||| |000 b|slo |
| 015 |
|
|
|a SNBRRBVU1918-1938
|
| 038 |
|
|
|a SNKBUCL
|
| 038 |
|
|
|a SNKBUVU
|
| 040 |
|
|
|a SNKBUVU
|b slo
|c SNKBUCL
|e AACR2
|
| 041 |
0 |
|
|a slo
|
| 044 |
|
|
|a xo
|c SK
|
| 080 |
|
|
|a 75.071.1
|2 1997
|
| 100 |
1 |
|
|a Kern, Peter Július,
|d 1881-1963
|4 aut
|9 52579
|
| 245 |
1 |
0 |
|a Majiteľom obrazov Jozefa Hanulu
|c P. J. Kern, Št. Krčméry
|
| 500 |
|
|
|a V rubrike Kultúra - umenie
|
| 520 |
|
|
|a Výzva Umeleckého odboru Matice slovenskej v Martine ku všetkým majiteľom obrazov akad. maliara Jozefa Hanulu, aby oznámili názvy a rozmery obrazov. Pri 60. výročí narodenia umelca chce Matica slovenská vydať zoznam celej jeho tvorby
|
| 600 |
1 |
7 |
|a Hanula, Jozef,
|d 1863-1944
|2 MM
|9 38397
|
| 650 |
0 |
7 |
|a slovenské maliarstvo
|2 MM
|9 3124
|
| 700 |
1 |
|
|a Krčméry, Štefan,
|d 1892-1955
|4 aut
|9 5358
|
| 773 |
0 |
|
|t Slovák
|g Roč. 5, č. 133 (15.6.1923), s. 5
|
| 852 |
|
|
|a SNK
|b KIS3GCP
|
| 910 |
|
|
|a snkrbvumm
|
| 958 |
|
|
|a VY
|
| 958 |
|
|
|a BX
|
| 999 |
|
|
|c 1716658
|d 1718588
|